Engineering Mathematics (Record no. 12301)

000 -LEADER
fixed length control field 00473nam a22001817a 4500
008 - FIXED-LENGTH DATA ELEMENTS--GENERAL INFORMATION
fixed length control field 221215b 2012 ||||| |||| 00| 0 eng d
020 ## - INTERNATIONAL STANDARD BOOK NUMBER
International Standard Book Number 9780071328777
082 ## - DEWEY DECIMAL CLASSIFICATION NUMBER
Item number VEE
100 ## - MAIN ENTRY--PERSONAL NAME
Personal name Veerarajan T.
245 ## - TITLE STATEMENT
Title Engineering Mathematics
250 ## - EDITION STATEMENT
Edition statement 3rd ed.
260 ## - PUBLICATION, DISTRIBUTION, ETC. (IMPRINT)
Place of publication, distribution, etc New Delhi
Name of publisher, distributor, etc Tata McGraw Hill
Date of publication, distribution, etc 2012
300 ## - PHYSICAL DESCRIPTION
Extent xvi, 1.1-1.3p.
650 ## - SUBJECT ADDED ENTRY--TOPICAL TERM
Topical term or geographic name as entry element Matrices
650 ## - SUBJECT ADDED ENTRY--TOPICAL TERM
Topical term or geographic name as entry element Three Dimensional Analytical Geometry
650 ## - SUBJECT ADDED ENTRY--TOPICAL TERM
Topical term or geographic name as entry element Differential Calculus
942 ## - ADDED ENTRY ELEMENTS (KOHA)
Item type Gratis Books
Holdings
Withdrawn status Lost status Source of classification or shelving scheme Damaged status Not for loan Collection code Permanent location Current location Shelving location Date acquired Full call number Barcode Date last seen Koha item type Public note
          Non-fiction IMU-MPC Library IMU-MPC Library General Stacks 2022-12-15 VEE MPCG0926 2025-03-17 Gratis Books Column - 49
Copyright © 2021 Indian Maritime University, Mumbai Port Campus. All Rights Reserved. Managed & Maintained by Central Library, IMU-Mumbai

webs counters

Powered by Koha